| 000 | 00709cam a22002171a 4500 | ||
|---|---|---|---|
| 999 |
_c128930 _d128930 |
||
| 001 | 15412747 | ||
| 003 | ARRUPE | ||
| 005 | 20190207115105.0 | ||
| 008 | 080814s1962 sa c f000 0aeng | ||
| 010 | _a 64001724 | ||
| 040 |
_aDLC _cDLC _dDLC |
||
| 043 | _af-sa--- | ||
| 050 | 0 | 0 |
_aKTL110.B76 _bA3 1962 |
| 100 | 1 |
_aBroome, Francis Napier, _d1891- _944474 |
|
| 245 | 1 | 0 |
_aNot the whole truth. _cF.N. Broome |
| 260 |
_aPietermaritzburg, _bUniversity of Natal press, _c1962. |
||
| 300 |
_avi, 293 p. _bports. _c23 cm. |
||
| 600 |
_aBroome, Francis Napier, _d1891- . _944475 |
||
| 650 | 0 |
_aJudges _zSouth Africa _vBiography. _99561 |
|
| 906 |
_a0 _bcbc _cpremunv _d3 _encip _f19 _gy-gencatlg |
||
| 942 |
_2lcc _cMONOGRAPH |
||